000 00477pab a2200169 454500
008 180718b2017 xxu||||| |||| 00| 0 eng d
100 _aRai, N.N.
245 _aIntegrated development of reservoirs: unified control for efficient flood moderation in Ganga basin
260 _c2017
300 _ap.220-230.
362 _aJan
650 _aFlood control
650 _aReservoirs
700 _aIyer, J. Chandrashekhar
773 _aJournal of Governance
909 _a113836
999 _c113830
_d113830